| 000 | 00334nam a22001457a 4500 | ||
|---|---|---|---|
| 003 | SGT | ||
| 020 | _a818974790-8 | ||
| 082 |
_a611 _bBAN |
||
| 100 | _aBANSAL, RAJPAL | ||
| 245 | _aHUMAN ANATOMY PHYSIOLOGY and HEALTH EDUCATION | ||
| 260 |
_aINDIA _bBIRLA PUB. _c2026 |
||
| 300 | _a704 | ||
| 650 | _aHUMAN ANATOMY | ||
| 942 |
_2ddc _cBK |
||
| 999 |
_c32868 _d32868 |
||